000 00298nam a22001457a 4500
003 SGT
020 _a9788131517390
082 _a330
_bMAN
100 _aMANKIW GREGORY N
245 _aPRINCIPLES OF ECONOMICS
250 _a6
260 _aUK
_bCENGAGE
_c2012
300 _a854
942 _2ddc
_cBK
_02
999 _c26737
_d26737